000 01038nam0a22002531 4500
001 rc\2731535
005 20250529133938.0
035 _a(NLR Aleph) 006858896
090 _a6826490
_c6826490
100 _a20110915d1937 |||y0rusy50 ca
101 0 _arus
102 _aRU
105 _aa z |||||
200 1 _aОпыт приготовления из овечьего молока сыров по типу европейских полутвердых и твердых
_fВ. Кюркчян
210 _aЕреван
_cСельхозгиз
_d1937
215 _a30, [1] с.
_cтабл.
_d21 см.
225 1 _aТруды Алагезского опорного пункта по овцеводству
_fНар. ком. земл. Армян. ССР. Опыт. ст. животноводства
_vВып. 8
320 _aБиблиогр.: с. 29-30
700 1 _aКюркчян
_bВ.Н.
_gВагаршак Никитич
801 0 _aRU
_bNLR
_gpsbo
801 1 _aRU
_bELAR
_2rusmarc
852 _aNLR
_jП13/495
942 _cBOOK
980 _aNB